Premier catalogue sélectif international de films ethnographiques sur la région du Pacifique

Salvato in:
Dettagli Bibliografici
Ente Autore: UNESCO (Autore)
Natura: Libro
Lingua:francese
Pubblicazione: París UNESCO 1970
Soggetti:
Tags: Aggiungi Tag
Nessun Tag, puoi essere il primo ad aggiungerne!!

MARC

LEADER 00000cam a2200000 a 4500
001 UCV8246
003 CL-VaPUC
008 901129e19700000FR |||||||||||||||||fre|d
082 0 4 |a 791.437  |b UNE  |2 21 
110 2 |a UNESCO  |e author  |9 302308 
245 1 0 |a Premier catalogue sélectif international de films ethnographiques sur la région du Pacifique 
300 |a 342 p 
942 |c BK 
945 |d 19901129 00:00:00 
260 |a París  |b UNESCO  |c 1970 
650 7 |a CATALOGOS DE PELICULAS CINEMATOGRAFICAS  |2 CL-VaPUC  |9 266309 
583 |a last modification  |c 20190402 08:42:18  |k Rodrigo Vera 
999 |c 213791  |d 213789 
952 |0 0  |1 0  |3 erb  |4 0  |6 791_437000000000000_UNE_1970  |7 0  |8 A  |9 196516  |a BIBART  |b BIBART  |i 5475864  |o 791.437 UNE 1970  |p 5475864  |r 2025-03-13  |w 2019-11-14  |y BK  |z Catalogado en:20180615  |k ART